Бухгалтерский учет в условиях антикризисного управления: учебное пособие

Dettagli Bibliografici
Altri autori: Керимов В. Э. Вагиф Эльдар (редактор)
Riassunto:В учебном пособии изложены теоретические и практические аспекты организации бухгалтерского учета в условиях антикризисного управления. Для студентов высших учебных заведений, обучающихся по направлению"Экономика", уровень подготовки — магистр, а также для преподавателей, аспирантов и профессиональных бухгалтеров, аудиторов и менеджеров.
Lingua:russo
Pubblicazione: Москва, Дашков и К, 2012
Serie:Учебные издания для магистров
Soggetti:
Natura: Libro
KOHA link:https://koha.lib.tpu.ru/cgi-bin/koha/opac-detail.pl?biblionumber=207204

MARC

LEADER 00000nam0a2200000 4500
001 207204
005 20231101225401.0
010 |a 9785394012563 
035 |a (RuTPU)RU\TPU\book\225988 
090 |a 207204 
100 |a 20120123d2012 m y0rusy50 ca 
101 0 |a rus 
102 |a RU 
105 |a y j 001zy 
200 1 |a Бухгалтерский учет в условиях антикризисного управления  |e учебное пособие  |f под ред. В. Э. оглы Керимова 
210 |a Москва  |c Дашков и К  |d 2012 
215 |a 324 с. 
225 1 |a Учебные издания для магистров 
320 |a Библиогр.: с. 311-312. 
330 |a В учебном пособии изложены теоретические и практические аспекты организации бухгалтерского учета в условиях антикризисного управления. Для студентов высших учебных заведений, обучающихся по направлению"Экономика", уровень подготовки — магистр, а также для преподавателей, аспирантов и профессиональных бухгалтеров, аудиторов и менеджеров. 
606 1 |a Бухгалтерский учет  |2 stltpush  |3 (RuTPU)RU\TPU\subj\30744  |9 53805 
606 1 |a Антикризисное управление  |2 stltpush  |3 (RuTPU)RU\TPU\subj\29215  |9 52599 
610 1 |a экономика 
610 1 |a финансы 
610 1 |a банкротство 
610 1 |a аудит 
610 1 |a теоретические основы 
610 1 |a правовое регулирование 
610 1 |a финансовая отчетность 
610 1 |a наблюдение 
610 1 |a финансовое оздоровление 
610 1 |a внешнее управление 
610 1 |a конкурсное производство 
610 1 |a мировое соглашение 
610 1 |a реорганизация 
610 1 |a ликвидация 
610 1 |a аудиторские риски 
610 1 |a фиктивное банкротство 
610 1 |a преднамеренное банкротство 
610 1 |a аудиторское заключение 
610 1 |a учебные пособия 
675 |a 657.22(075.8)  |v 3 
686 |a У9(2)212я73  |2 rubbk 
702 1 |a Керимов  |b В. Э.  |g Вагиф Эльдар  |4 340 
801 1 |a RU  |b 63413507  |c 20120123 
801 2 |a RU  |b 63413507  |c 20230403  |g RCR 
942 |c BK 
959 |a 2/20120123  |d 2  |e 231,00  |f ЧЗГЛ:1  |f АНЛ:1